000 00888cem a22002055a 4500
001 L157125
008 120904s1801 xxk f 000 0 eng d
035 _a(Sirsi) u157125
041 0 _aeng
110 2 _aGreat Britain
_bBoard of Ordnance
_96107
245 0 0 _aGeneral survey of England and Wales. An entirely new & accurate survey of the county of Kent, with part of the county of Essex
_bdone by the surveying draftsmen of His Majesty's Honourable Board of Ordnance ...
_cunder the direction of Captn. W. Mudge
260 _aLondon
_bW. Faden
_c1801
300 _a1 map on 4 sheets
_bdissected and mounted on to linen
_c115 x 170 cm, folded to 23 x 16 cm, in slip case 25 cm.
520 _aScale [1:63,360].
583 _aCondition reviewed
_c20120620
_lcondition level 3
651 4 _aEngland
_y886-
690 _aGeomatics
_96242
700 1 _aMudge, William
_d1762-1820
942 _n0
999 _c114615
_d114615